|
|
|
|
| LEADER |
00000nam0a2200000 4500 |
| 001 |
295052 |
| 005 |
20231102000753.0 |
| 020 |
|
|
|a RU
|b 84-50222
|
| 035 |
|
|
|a (RuTPU)RU\TPU\book\320128
|
| 090 |
|
|
|a 295052
|
| 100 |
|
|
|a 20150520d1984 k y0rusy5003 ca
|
| 101 |
0 |
|
|a rus
|
| 102 |
|
|
|a RU
|
| 105 |
|
|
|a a z 001zy
|
| 200 |
1 |
|
|a Экономия энергоресурсов в электротермических и термических установках и процессах
|e материалы семинара
|f Общество "Знание" РСФСР ; Московский Дом научно-технической пропаганды
|
| 210 |
|
|
|a Москва
|c [Б. и.]
|d 1984
|
| 215 |
|
|
|a 146 с.
|c ил.
|
| 606 |
1 |
|
|a Электротермическая техника
|2 stltpush
|3 (RuTPU)RU\TPU\subj\20883
|9 45945
|
| 610 |
1 |
|
|a электроэнергия
|
| 610 |
1 |
|
|a топливо
|
| 610 |
1 |
|
|a экономия
|
| 610 |
1 |
|
|a энергоресурсы
|
| 610 |
1 |
|
|a термические печи
|
| 610 |
1 |
|
|a модернизация
|
| 610 |
1 |
|
|a металлургическое оборудование
|
| 610 |
1 |
|
|a электротермические процессы
|
| 610 |
1 |
|
|a энергосбережение
|
| 610 |
1 |
|
|a ресурсосбережение
|
| 610 |
1 |
|
|a сталеплавильные печи
|
| 610 |
1 |
|
|a тепловые потери
|
| 610 |
1 |
|
|a утилизация
|
| 675 |
|
|
|a 621.365(063)
|z rus
|v 4
|
| 712 |
0 |
2 |
|a Общество "Знание" РСФСР
|c (Москва)
|2 stltpush
|3 (RuTPU)RU\TPU\col\7484
|
| 712 |
0 |
2 |
|a Московский Дом научно-технической пропаганды
|2 stltpush
|3 (RuTPU)RU\TPU\col\7885
|9 24405
|
| 801 |
|
0 |
|a RU
|b RuMRKP
|c 19950704
|g psbo
|
| 801 |
|
1 |
|a RU
|b 63413507
|c 20150520
|
| 801 |
|
2 |
|a RU
|b 63413507
|c 20181127
|g RCR
|
| 942 |
|
|
|c BK
|